| 000 | 01034nam a2200301 i 4500 | ||
|---|---|---|---|
| 001 | 000028375 | ||
| 003 | DO-SdBNP | ||
| 005 | 20241118091619.0 | ||
| 007 | ta | ||
| 008 | 110331s1962 ag 000 |bspa d | ||
| 040 |
_aDO-SdBNP _bspa _cBNPHU _erda |
||
| 041 | _hspa | ||
| 082 | 4 |
_a923.57293 _bD985B _222 |
|
| 100 | 1 |
_a Balaguer, Joaquín, _d1906-2002 _eautor _976556 |
|
| 245 | 1 | 3 |
_aEl centinela de la frontera : _bvida y hazañas de Antonio Duvergé / _cJoaquín Balaguer. |
| 264 |
_aBuenos Aires, Argentina : _bArtes Gráficas, _c1962. |
||
| 300 |
_a202 páginas ; _c22 cm. |
||
| 336 |
_ardacontent _btexto _2txt |
||
| 337 |
_ardamedia _bsin mediación _2n |
||
| 338 |
_ardacarrier _bvolumen _2nc |
||
| 500 | _aIncluye referencias bibliográficas y notas al pie de las páginas. | ||
| 590 | _aInventariado, 2020/VM | ||
| 600 | 1 | 4 |
_aDuvergé, Antonio, _d1807-1855 _934515 |
| 651 | 4 |
_aRepública Dominicana _xHistoria _y1865-1916 _96305 |
|
| 910 | _aValidado. Control de calidad. MMOLINA | ||
| 942 |
_2ddc _cLBS1 |
||
| 956 | _aVMateo | ||
| 999 |
_c27867 _d27867 |
||